[Event "Snorlax # 8"]
[Site "SchemingMind.com"]
[Date "2008.10.09"]
[Round "-"]
[White "mmccaffe"]
[Black "dkappe"]
[Result "0-1"]
[WhiteCountry "USA"]
[BlackCountry "GER"]
[WhiteElo "1594"]
[WhiteRD "56"]
[BlackElo "1922"]
[BlackRD "100"]
[GameID "174131"]

1. e4 d6 2. d4 Nf6 3. Nc3 g6 4. f3 Bg7 5. Be3 c6 6. Qd2 O-O 7. h4 h5 8. Bh6 b5 9. Bxg7 Kxg7 10. Nh3 b4
11. Ne2 a5 12. O-O-O Nbd7 13. e5 Nd5 14. Nef4 N7b6 15. Nxh5+ Kh7 16. N5f4 Nxf4 17. Qxf4 Nd5 18. Ng5+ Kg7 19. Qh2 Rh8 20. Qg3 f6
21. exf6+ exf6 22. Ne4 f5 23. Ng5 f4 24. Qf2 a4 25. Bd3 a3 26. b3 Nc3 27. d5 Nxa2+ 28. Kd2 Nc3 29. Ra1 Nxd5 30. Ne4 Ne3
31. g3 d5 32. Ng5 Qf6 33. Ra2 Ra7 34. gxf4 Re7 35. h5 Qxf4 36. Qg1 Nc4+ 37. Kd1 Qd2#
0-1

[Event "Snorlax # 8"]
[Site "SchemingMind.com"]
[Date "2008.10.09"]
[Round "-"]
[White "sthorwall"]
[Black "dkappe"]
[Result "1-0"]
[WhiteCountry "USA"]
[BlackCountry "GER"]
[WhiteElo "1704"]
[WhiteRD "58"]
[BlackElo "1864"]
[BlackRD "108"]
[GameID "174133"]

1. e4 d6 2. Nf3 Nf6 3. Nc3 g6 4. d4 Bg7 5. Be2 c5 6. O-O cxd4 7. Nxd4 Nc6 8. Bb5 Bd7 9. Nxc6 bxc6 10. Ba4 O-O
11. Bg5 h6 12. e5 hxg5 13. exf6 Bxf6 14. Ne4 Bxb2 15. Rb1 Rb8 16. Nxg5 Qa5 17. Bb3 Bg7 18. Bxf7+ Rxf7 19. Rxb8+
1-0

[Event "Snorlax # 8"]
[Site "SchemingMind.com"]
[Date "2008.10.09"]
[Round "-"]
[White "aadaam"]
[Black "dkappe"]
[Result "0-1"]
[WhiteCountry "INT"]
[BlackCountry "GER"]
[WhiteElo "1761"]
[WhiteRD "48"]
[BlackElo "1864"]
[BlackRD "108"]
[GameID "174134"]

1. e4 d6 2. d4 Nf6 3. Nc3 g6 4. f4 Bg7 5. Nf3 c5 6. dxc5 Qa5 7. Bd2 Qxc5 8. h3 O-O 9. Qe2 Nbd7 10. O-O-O a6
11. Qe3 Qa5 12. g4 b5 13. Nd4 Bb7 14. Nb3 Qc7 15. g5 Ne8 16. Bg2 Rc8 17. a3 a5 18. Nxa5 Qxa5 19. Nd5 Qd8 20. Ba5 Qxa5
21. Nxe7+ Kh8 22. Nxc8 Bxc8 23. f5 Be5 24. f6 b4 25. Rd5 Nc5 26. axb4 Qxb4 27. h4 Qxb2+ 28. Kd1 Nc7 29. Rd2 Ba6
0-1

[Event "Snorlax # 8"]
[Site "SchemingMind.com"]
[Date "2008.10.09"]
[Round "-"]
[White "jessieng"]
[Black "Joe Daudish"]
[Result "0-1"]
[WhiteCountry "BRU"]
[BlackCountry "USA"]
[WhiteElo "1241"]
[WhiteRD "105"]
[BlackElo "1759"]
[BlackRD "45"]
[GameID "174149"]

1. d4 d5 2. e3 e6 3. Nc3 Nf6 4. Bd2 Be7 5. Nf3 c5 6. dxc5 Bxc5 7. Be2 Nc6 8. O-O Bd7 9. a3 O-O 10. Na4 Bd6
11. b3 Ne5 12. Nxe5 Bxe5 13. Nc5 Bxa1 14. Qxa1 Bc6 15. Nd3 Ne4 16. Rd1 Nxd2 17. Rxd2 Bb5
0-1

[Event "Snorlax # 8"]
[Site "SchemingMind.com"]
[Date "2008.10.08"]
[Round "-"]
[White "jessieng"]
[Black "mmccaffe"]
[Result "0-1"]
[WhiteCountry "BRU"]
[BlackCountry "USA"]
[WhiteElo "1241"]
[WhiteRD "105"]
[BlackElo "1587"]
[BlackRD "55"]
[GameID "174150"]

1. e4 c5 2. Bc4 d6 3. Nf3 e6 4. O-O Be7 5. Nc3 a6 6. b3 Nc6 7. Bb2 b5 8. Be2 Qc7 9. a3 Nf6 10. a4 b4
11. Na2 Nxe4 12. Bxg7 Rg8 13. Bb2 e5 14. c3 Bh3
0-1

[Event "Snorlax # 8"]
[Site "SchemingMind.com"]
[Date "2008.10.09"]
[Round "-"]
[White "jessieng"]
[Black "dkappe"]
[Result "0-1"]
[WhiteCountry "BRU"]
[BlackCountry "GER"]
[WhiteElo "1241"]
[WhiteRD "105"]
[BlackElo "1864"]
[BlackRD "108"]
[GameID "174152"]

1. e4 d6 2. d4 Nf6 3. Nc3 g6 4. Nf3 Bg7 5. Bd3 O-O 6. O-O c6 7. b3 Bg4 8. h3 Bxf3 9. Qxf3 Qc7 10. Bb2 Nbd7
11. a3 b5
0-1

[Event "Snorlax # 8"]
[Site "SchemingMind.com"]
[Date "2008.10.08"]
[Round "-"]
[White "jessieng"]
[Black "sthorwall"]
[Result "0-1"]
[WhiteCountry "BRU"]
[BlackCountry "USA"]
[WhiteElo "1241"]
[WhiteRD "105"]
[BlackElo "1704"]
[BlackRD "58"]
[GameID "174153"]

1. Nf3 Nc6 2. g3 d5 3. Bg2 Nf6 4. O-O e5 5. Nc3 d4 6. Nb5 a6 7. Na3 Bd6 8. d3 O-O 9. c3 Bxa3 10. bxa3 dxc3
11. Qb3 Nd5 12. d4 exd4 13. Bf4 b5 14. Rfd1 Nxf4 15. gxf4 Bb7 16. Ng5 Na5 17. Qc2 g6
0-1

[Event "Snorlax # 8"]
[Site "SchemingMind.com"]
[Date "2008.10.08"]
[Round "-"]
[White "jessieng"]
[Black "aadaam"]
[Result "1-0"]
[WhiteCountry "BRU"]
[BlackCountry "INT"]
[WhiteElo "1241"]
[WhiteRD "105"]
[BlackElo "1761"]
[BlackRD "48"]
[GameID "174154"]

1. e4 e6 2. d4 d5 3. exd5 Qxd5 4. Nc3 Bb4 5. Ne2 Nf6 6. Nf4 Qa5 7. Bd2 c6 8. a3 Bxc3 9. Bxc3 Qc7 10. Qd2 Nd5
11. Nxd5 exd5 12. Be2 O-O 13. O-O Re8 14. Qg5 Rxe2 15. g3 Bh3 16. Rfe1 Rxc2 17. Re8#
1-0

[Event "Snorlax # 8"]
[Site "SchemingMind.com"]
[Date "2008.10.09"]
[Round "-"]
[White "keen"]
[Black "jessieng"]
[Result "1-0"]
[WhiteCountry "SCO"]
[BlackCountry "BRU"]
[WhiteElo "1814"]
[WhiteRD "56"]
[BlackElo "1241"]
[BlackRD "105"]
[GameID "174155"]

1. d4 d5 2. e3 Nf6 3. Bd3 g6 4. Nd2 Bg7 5. c3 O-O 6. f4 Nc6 7. Ngf3 b6 8. h3 Bb7 9. O-O Qd6 10. Ne5 a6
11. g4
1-0

[Event "Snorlax # 8"]
[Site "SchemingMind.com"]
[Date "2008.10.09"]
[Round "-"]
[White "Joe Daudish"]
[Black "jessieng"]
[Result "1-0"]
[WhiteCountry "USA"]
[BlackCountry "BRU"]
[WhiteElo "1759"]
[WhiteRD "45"]
[BlackElo "1241"]
[BlackRD "105"]
[GameID "174156"]

1. d4 d5 2. Nf3 Nf6 3. Bf4 g6 4. h3 Bg7 5. e3 O-O 6. Bd3 Nc6 7. c3 b6 8. Nbd2 Bb7 9. O-O e6 10. Re1 Nd7
11. e4 dxe4 12. Bxe4 f5 13. Bxc6 Bxc6 14. Ne5 Nxe5 15. Bxe5 Bxe5 16. Rxe5 Rf6 17. Qe2
1-0

[Event "Snorlax # 8"]
[Site "SchemingMind.com"]
[Date "2008.10.09"]
[Round "-"]
[White "mmccaffe"]
[Black "jessieng"]
[Result "1-0"]
[WhiteCountry "USA"]
[BlackCountry "BRU"]
[WhiteElo "1587"]
[WhiteRD "55"]
[BlackElo "1241"]
[BlackRD "105"]
[GameID "174157"]

1. e4 e5 2. Nf3 d6 3. d4 exd4 4. Nxd4 Nf6 5. Nc3 g6 6. f3 Bg7 7. Be3 O-O 8. Bc4 c5 9. Nde2 a6 10. a4 Bd7
11. Qxd6 Nc6 12. O-O
1-0

[Event "Snorlax # 8"]
[Site "SchemingMind.com"]
[Date "2008.10.08"]
[Round "-"]
[White "sthorwall"]
[Black "jessieng"]
[Result "1-0"]
[WhiteCountry "USA"]
[BlackCountry "BRU"]
[WhiteElo "1704"]
[WhiteRD "58"]
[BlackElo "1241"]
[BlackRD "105"]
[GameID "174160"]

1. e4 e5 2. f4 exf4 3. d4 Nc6 4. Nf3 Nf6 5. Nc3 g6 6. Bc4 d6 7. Bxf4 Bg4 8. d5 Nb4 9. a3 Na6 10. Bb5+ Nd7
11. Bg5 Bxf3 12. Bxd8 Bxd1 13. Rxd1 Rxd8 14. O-O c6 15. dxc6 bxc6 16. Bxa6 Bg7 17. Rxd6 Ke7 18. Rfd1
1-0

[Event "Snorlax # 8"]
[Site "SchemingMind.com"]
[Date "2008.10.08"]
[Round "-"]
[White "aadaam"]
[Black "jessieng"]
[Result "1-0"]
[WhiteCountry "INT"]
[BlackCountry "BRU"]
[WhiteElo "1761"]
[WhiteRD "48"]
[BlackElo "1241"]
[BlackRD "105"]
[GameID "174161"]

1. e4 e5 2. Nf3 d6 3. d4 exd4 4. Nxd4 Nf6 5. Bb5+ c6 6. Bd3 g6 7. Bg5 Bg7 8. O-O O-O 9. Qd2 Nbd7 10. Nc3 Qe7
11. Rfe1 c5 12. Ndb5 a6 13. Nd5 Qd8 14. Nbc7 Ra7 15. c3 h6 16. Bxh6 Bxh6 17. Qxh6 Nxd5 18. Nxd5 Nf6 19. Nxf6+
1-0